[Event "East Lansing (Class A/4/6)"]
[Site "?"]
[Date "1995.??.??"]
[Round "?"]
[White "June, Brian"]
[Black "Jendras, Gerard"]
[Result "0-1"]
[WhiteElo "1800"]
[BlackElo "1930"]
[PlyCount "84"]
[EventDate "1995.??.??"]

{4/(6)} 1. d4 Nf6 2. Nf3 c5 3. c4 g6 4. Nc3 Bg7 5. e3 O-O 6. Be2 cxd4 7. exd4
d5 8. O-O Nc6 9. h3 Bf5 10. Be3 Rc8 11. Qa4 a6 12. Rac1 dxc4 13. Qxc4 b5 14.
Qb3 Be6 15. Qd1 Nd5 16. Ng5 Nxc3 17. Nxe6 Nxe2+ 18. Qxe2 fxe6 19. Qg4 Rf5 20.
Rfd1 Nb4 21. Rxc8 Qxc8 22. Rc1 Qd7 23. Qe4 Qd5 24. Qh4 Qd7 25. Qe4 Nxa2 26. Rc6
Qd5 27. Qc2 Nb4 28. Rc8+ Rf8 29. Rxf8+ Kxf8 30. Qc8+ Kf7 31. Qc7 Bxd4 32. Qf4+
Bf6 33. Qxb4 Qd1+ 34. Kh2 Qd6+ 35. Qxd6 exd6 36. b3 a5 37. Bc1 a4 38. bxa4 bxa4
39. Kg3 d5 40. Ba3 Be7 41. Bb2 a3 42. Be5 Bf6 0-1

[Event "East Lansing (MI Op/3/21)"]
[Site "?"]
[Date "1995.??.??"]
[Round "?"]
[White "June, Brian"]
[Black "Garrison, Ray"]
[Result "0-1"]
[WhiteElo "1800"]
[BlackElo "1945"]
[PlyCount "98"]
[EventDate "1995.??.??"]

{3/(21)} 1. d4 c5 2. Nf3 c4 3. e4 b5 4. Be2 Nf6 5. Nbd2 Bb7 6. e5 Nd5 7. O-O
Nc6 8. c3 e6 9. Ne4 f5 10. exf6 gxf6 11. Nh4 Qc7 12. Bh5+ Kd8 13. Qf3 Be7 14.
Bh6 f5 15. Ng5 Rg8 16. Nf7+ Kc8 17. Nxf5 exf5 18. Qxd5 Nd8 19. Nd6+ Qxd6 20.
Qxg8 Qxh6 21. Be2 Bd6 22. g3 f4 23. d5 Kc7 24. Bf3 Nc6 25. dxc6 Rxg8 26. cxb7
fxg3 27. hxg3 Rxg3+ 28. fxg3 Bxg3 29. Rf2 Bxf2+ 30. Kxf2 Qd2+ 31. Kg3 d5 32.
Rd1 Qg5+ 33. Kf2 Kxb7 34. Rxd5 Qh4+ 35. Ke3 Kb6 36. Rd6+ Kc7 37. Rd4 Qe1+ 38.
Kf4 Qc1+ 39. Ke5 Qxb2 40. a4 Qxc3 41. Bd5 Qe3+ 42. Re4 Qg5+ 43. Kd4 Qf6+ 44.
Ke3 Kd6 45. Rd4 Qg5+ 46. Ke4 Qg2+ 47. Ke3 Qxd5 48. Rxd5+ Kxd5 49. axb5 Kc5 0-1

[Event "East Lansing (Class B/5/9)"]
[Site "?"]
[Date "1995.??.??"]
[Round "?"]
[White "Jones, W."]
[Black "Thornton, Rome"]
[Result "0-1"]
[WhiteElo "1615"]
[BlackElo "1780"]
[PlyCount "80"]
[EventDate "1995.??.??"]

{5/(9)} 1. e4 c6 2. d4 d5 3. Nc3 dxe4 4. Nxe4 Nf6 5. Nxf6+ exf6 6. Nf3 Bf5 7.
Bc4 Be7 8. O-O O-O 9. Nh4 Be4 10. c3 f5 11. f3 Bxh4 12. fxe4 fxe4 13. Qh5 Bf6
14. Bf4 Nd7 15. Bd6 g6 16. Qh6 Bg5 17. Qh3 Nb6 18. Bxf8 Nxc4 19. Bh6 f5 20.
Bxg5 Qxg5 21. Rae1 Nd2 22. Rf2 Nf3+ 23. Rxf3 exf3 24. Qxf3 Rf8 25. Qe2 f4 26.
Qe6+ Rf7 27. Qe8+ Kg7 28. Qe5+ Kh6 29. Qxg5+ Kxg5 30. Kf2 h5 31. Kf3 Kh4 32.
Re4 g5 33. g3+ Kh3 34. gxf4 g4+ 35. Kf2 Kxh2 36. Re2 h4 37. Ke3+ Kh3 38. Rf2 g3
39. Rf3 Kh2 40. f5 g2 0-1

[Event "Gaylord (NMO/4/8)"]
[Site "?"]
[Date "1995.??.??"]
[Round "?"]
[White "Jones, W."]
[Black "Matias, I.C."]
[Result "1/2-1/2"]
[WhiteElo "1605"]
[BlackElo "1675"]
[PlyCount "63"]
[EventDate "1995.??.??"]

{4/(8)} 1. e4 c5 2. d4 cxd4 3. c3 dxc3 4. Nxc3 d6 5. Bc4 Nc6 6. Nf3 e6 7. O-O
Nf6 8. Bg5 Be7 9. Rc1 a6 10. a4 O-O 11. Re1 Qc7 12. Ba2 h6 13. Bxf6 Bxf6 14. b4
Bxc3 15. Rxc3 b5 16. Qc2 Bb7 17. Bb1 e5 18. Nh4 Qb6 19. Nf5 Nxb4 20. Ne7+ Kh8
21. Qb3 bxa4 22. Qxa4 Bc8 23. Rec1 Be6 24. Rg3 Rfe8 25. Nf5 Bxf5 26. exf5 Rac8
27. Rf1 Qd4 28. Qd7 Qc4 29. f6 Qe6 30. Rxg7 Qxd7 31. Rh7+ Kg8 32. Rg7+ 1/2-1/2

[Event "East Lansing (Class B/2/8)"]
[Site "?"]
[Date "1995.??.??"]
[Round "?"]
[White "Jones, W."]
[Black "Horton, Deon"]
[Result "0-1"]
[WhiteElo "1615"]
[BlackElo "1755"]
[PlyCount "86"]
[EventDate "1995.??.??"]

{2/(8)} 1. e4 c5 2. Nf3 Nc6 3. Bc4 e6 4. Nc3 a6 5. a3 d6 6. d3 Nge7 7. Bg5 b5
8. Ba2 g6 9. Bf6 Rg8 10. Ng5 h6 11. Nh7 Qc7 12. Bh4 Bg7 13. Bf6 Bb7 14. Bxg7
Rxg7 15. Nf6+ Kf8 16. Qf3 Ne5 17. Qh3 h5 18. O-O-O b4 19. Nb1 Nd7 20. Qf3 Nxf6
21. Qxf6 Bc8 22. h3 Rb8 23. g4 Rh7 24. Rdg1 h4 25. f4 Ng8 26. Qg5 Qe7 27. Qxe7+
Nxe7 28. g5 Bd7 29. Kd2 Kg7 30. Ke3 Rhh8 31. Nd2 a5 32. Nc4 d5 33. Nxa5 bxa3
34. Rb1 axb2 35. Nb3 c4 36. dxc4 dxc4 37. Nc5 Bc6 38. Bxc4 Nf5+ 39. Kd3 Ng3 40.
Rhe1 Bb5 41. Nb3 Rhd8+ 42. Kc3 Rdc8 43. Kb4 Bxc4+ 0-1

[Event "East Lansing (Class B/4/11)"]
[Site "?"]
[Date "1995.??.??"]
[Round "?"]
[White "Jones, W."]
[Black "Griffin, John"]
[Result "1-0"]
[WhiteElo "1615"]
[BlackElo "1605"]
[PlyCount "91"]
[EventDate "1995.??.??"]

{4/(11)} 1. e4 c5 2. Nf3 Nc6 3. Bc4 e6 4. Nc3 a6 5. a3 b5 6. Ba2 d6 7. O-O g6
8. d3 Bg7 9. Be3 Nd4 10. Bxd4 cxd4 11. Ne2 e5 12. Qd2 Ne7 13. Ng5 h6 14. Nxf7
Qc7 15. Nxh8 Bxh8 16. Qxh6 Bf6 17. Bb3 Bd7 18. Rfc1 O-O-O 19. c4 Rh8 20. Qd2
Kd8 21. cxb5 Qb6 22. a4 Bc8 23. Qb4 axb5 24. axb5 Bb7 25. Qa5 Qxa5 26. Rxa5 Kd7
27. Ra7 Rb8 28. Ba4 Kd8 29. b6 Nc8 30. Rc7 Nxb6 31. Rcxb7 Rxb7 32. Rxb7 Nxa4
33. Nc1 Bg5 34. Nb3 Nxb2 35. Nxd4 exd4 36. Rxb2 Kd7 37. f3 Ke6 38. Kf2 Be3+ 39.
Kg3 g5 40. Kg4 Kf6 41. Rb5 Kg6 42. Rd5 Bf4 43. Rxd4 Kf6 44. Rd5 Bxh2 45. g3 Ke6
46. Rxg5 1-0

[Event "Gaylord (NMO/2/2)"]
[Site "?"]
[Date "1995.??.??"]
[Round "?"]
[White "Jones, W."]
[Black "Bailey, Greg"]
[Result "1/2-1/2"]
[WhiteElo "1605"]
[BlackElo "2065"]
[PlyCount "43"]
[EventDate "1995.??.??"]

{2/(2)} 1. e4 c6 2. d4 d5 3. f3 dxe4 4. fxe4 e5 5. Nf3 exd4 6. Bc4 Bg4 7. Bxf7+
Kxf7 8. Ne5+ Ke8 9. Qxg4 Qa5+ 10. Bd2 Qxe5 11. Qc8+ Kf7 12. O-O+ Nf6 13. Bf4
Qe8 14. Qxb7+ Nbd7 15. Nd2 Bc5 16. Rae1 Qe6 17. Nf3 h6 18. Ne5+ Ke7 19. Ng6+
Kf7 20. Ne5+ Ke7 21. Ng6+ Kf7 22. Ne5+ 1/2-1/2

[Event "Troy (TCC Res/1/9)"]
[Site "?"]
[Date "1995.??.??"]
[Round "?"]
[White "Jones, G."]
[Black "Vangilder, W."]
[Result "1-0"]
[WhiteElo "1665"]
[BlackElo "1605"]
[PlyCount "24"]
[EventDate "1995.??.??"]

{1/(9)} 1. d4 Nf6 2. Nf3 e6 3. e3 d5 4. Nbd2 b6 5. c3 Ba6 6. Bxa6 Nxa6 7. Qa4+
c6 8. Qxa6 b5 9. Qxc6+ Nd7 10. Qxb5 Be7 11. Ne5 a5 12. Qa4 Ra7 1-0

[Event "Troy (TCC Res/3/13)"]
[Site "?"]
[Date "1995.??.??"]
[Round "?"]
[White "Jones, G."]
[Black "Biondo, Albert"]
[Result "1-0"]
[WhiteElo "1665"]
[BlackElo "1605"]
[PlyCount "89"]
[EventDate "1995.??.??"]

{3/(13)} 1. d4 d5 2. Nf3 Nf6 3. e3 Bg4 4. Nbd2 g6 5. c3 Bg7 6. Qb3 b6 7. Ne5
O-O 8. Nxg4 Nxg4 9. Be2 Nf6 10. O-O Qd6 11. Bf3 Nbd7 12. c4 c6 13. cxd5 cxd5
14. Be2 e5 15. dxe5 Nxe5 16. Nf3 h5 17. Bd2 Ne4 18. Bb4 Nc5 19. Qc2 a5 20. Bc3
Rac8 21. Qd2 Ne4 22. Qc2 Nxf3+ 23. Bxf3 Nxc3 24. bxc3 Rxc3 25. Qd2 Be5 26. g3
Rfc8 27. Rad1 d4 28. Bg2 R8c4 29. exd4 Bxd4 30. Kh1 Kg7 31. Qe2 Qc7 32. Bd5 Rb4
33. Rde1 h4 34. Qe8 hxg3 35. fxg3 Bf6 36. Rxf6 Kxf6 37. Rf1+ Kg5 38. Qh8 Rc1
39. Qf6+ Kh6 40. Qh8+ Kg5 41. Qf6+ Kh6 42. Qh8+ Kg5 43. Qf6+ Kg4 44. Bf3+ Kh3
45. Qh8+ 1-0

[Event "Detroit (MI Team/1/2/2)"]
[Site "?"]
[Date "1995.??.??"]
[Round "?"]
[White "Jointer, William"]
[Black "Zaremba, Andrei"]
[Result "0-1"]
[WhiteElo "1700"]
[BlackElo "2085"]
[PlyCount "172"]
[EventDate "1995.??.??"]

{1/2} 1. d4 Nf6 2. Nc3 d5 3. e4 dxe4 4. f3 exf3 5. Nxf3 Bg4 6. h3 Bxf3 7. Qxf3
c6 8. Be3 e6 9. O-O-O Bb4 10. Bg5 Nbd7 11. Ne4 Be7 12. Bd3 Nxe4 13. Bxe7 Qxe7
14. Bxe4 O-O 15. Rhf1 Nf6 16. Bd3 Rfd8 17. g4 Nd5 18. h4 Nb4 19. a3 Nxd3+ 20.
Rxd3 Rd7 21. Qe4 Rad8 22. g5 c5 23. Rfd1 c4 24. Rg3 Qc5 25. b4 Qb6 26. c3 a5
27. h5 axb4 28. axb4 Ra8 29. Kd2 Ra2+ 30. Ke3 Qd6 31. Rg4 Qh2 32. Qf3 Rc2 33.
Ra1 Rxc3+ 34. Ke4 Qc2+ 35. Ke5 Rd5+ 36. Qxd5 Qf5+ 37. Kd6 Qxd5+ 38. Ke7 b5 39.
Ra7 e5 40. Rg1 Qe6+ 41. Kd8 Qb6+ 42. Rc7 Rd3 43. Kc8 Rxd4 44. Rf1 Qa6+ 45. Rb7
Rd7 46. Kxd7 Qxb7+ 47. Ke8 Qc7 48. g6 hxg6 49. hxg6 f5 50. Rh1 Qc6+ 51. Ke7
Qxh1 52. Kd6 e4 53. Kc5 c3 54. Kxb5 c2 55. Ka6 c1=B 56. b5 Bf4 57. Ka7 e3 58.
b6 e2 59. Ka6 e1=B 60. Kb5 Bb8 61. Ka6 f4 62. Kb5 f3 63. Kc5 f2 64. Kd4 f1=B
65. Kc5 Qh6 66. Kc6 Qxg6+ 67. Kb7 Bh2 68. Ka8 Qe8+ 69. Kb7 g5 70. Ka7 g4 71. b7
g3 72. Kb6 g2 73. Kc5 g1=B+ 74. Kd5 Qb8 75. Ke6 Bg2 76. Kf5 Bxb7 77. Kg4 Kg7
78. Kg5 Bc8 79. Kh5 Kf6 80. Kh6 Bg4 81. Kh7 Qb4 82. Kg8 Bc5 83. Kh7 Bf5+ 84.
Kg8 Kg6 85. Kh8 Be3 86. Kg8 Be6+ 0-1

[Event "East Lansing (Class B/5/8)"]
[Site "?"]
[Date "1995.??.??"]
[Round "?"]
[White "Jointer, William"]
[Black "Rostrom, Richard"]
[Result "1/2-1/2"]
[WhiteElo "1720"]
[BlackElo "1610"]
[PlyCount "64"]
[EventDate "1995.??.??"]

{5/(8)} 1. d4 Nf6 2. Nc3 g6 3. e4 d6 4. f4 Bg4 5. Nf3 Bg7 6. h3 Bxf3 7. Qxf3
Nc6 8. Be3 O-O 9. O-O-O a6 10. g4 Nd7 11. h4 Qe8 12. g5 e5 13. Ne2 f5 14. d5
exf4 15. dxc6 Ne5 16. Qxf4 Qxc6 17. Nc3 fxe4 18. Qxe4 Qe8 19. Be2 b5 20. h5 Nd7
21. Qd5+ Qf7 22. hxg6 hxg6 23. Bg4 Rae8 24. Bd4 Ne5 25. Bxe5 Rxe5 26. Qxf7+
Rxf7 27. Nd5 Rf2 28. Nxc7 Rc5 29. Be6+ Kf8 30. Rdf1 Rcxc2+ 31. Kd1 Rcd2+ 32.
Ke1 Rde2+ 1/2-1/2

[Event "Eastpointe (EDO/2/2)"]
[Site "?"]
[Date "1995.??.??"]
[Round "?"]
[White "Jointer, William"]
[Black "Rajlich, Vasik"]
[Result "0-1"]
[WhiteElo "1700"]
[BlackElo "2205"]
[PlyCount "48"]
[EventDate "1995.??.??"]

{2/(2)} 1. d4 d5 2. e4 dxe4 3. Nc3 Nf6 4. f3 exf3 5. Nxf3 Bg4 6. Be3 Nd5 7. Bd2
Nc6 8. Bb5 Qd6 9. O-O O-O-O 10. Ne4 Qg6 11. Bxc6 Qxe4 12. Bxd5 Rxd5 13. c3 e5
14. Qa4 Bxf3 15. Rxf3 Bc5 16. Re1 Qh4 17. Rxf7 exd4 18. Re8+ Rxe8 19. Qxe8+ Rd8
20. Qe6+ Kb8 21. Qc4 Bb6 22. Kh1 a6 23. Rf4 dxc3 24. Qxc3 Qxf4 0-1

[Event "East Lansing (Class B/3/9)"]
[Site "?"]
[Date "1995.??.??"]
[Round "?"]
[White "Jointer, William"]
[Black "Purkey, L."]
[Result "1-0"]
[WhiteElo "1720"]
[BlackElo "1605"]
[PlyCount "51"]
[EventDate "1995.??.??"]

{3/(9)} 1. d4 Nf6 2. Nc3 g6 3. e4 Bg7 4. f4 d6 5. h3 O-O 6. Be3 Nbd7 7. Qf3 e5
8. d5 exf4 9. Bxf4 Nh5 10. Be3 Re8 11. O-O-O Bxc3 12. bxc3 Ne5 13. Qf2 Qf6 14.
Nf3 Nxf3 15. gxf3 Qxc3 16. Bd4 Qa3+ 17. Kb1 Qa4 18. Bb2 f5 19. Qh4 fxe4 20. Rg1
Bf5 21. Bd3 Qd7 22. fxe4 Bxh3 23. Qxh5 Rf8 24. e5 Rf7 25. e6 Rg7 26. Qxh3 1-0

[Event "Troy (US Am N/5/14)"]
[Site "?"]
[Date "1995.??.??"]
[Round "?"]
[White "Jointer, William"]
[Black "McKenna, J."]
[Result "1-0"]
[WhiteElo "1715"]
[BlackElo "1965"]
[PlyCount "36"]
[EventDate "1995.??.??"]

{5/(14)} 1. d4 c5 2. d5 e5 3. dxe6 fxe6 4. e4 Nf6 5. e5 Nd5 6. c4 Ne7 7. Bd3 g6
8. Bg5 Bg7 9. f4 O-O 10. Nh3 Nbc6 11. O-O d6 12. Nc3 dxe5 13. Ne2 Nd4 14. fxe5
Qc7 15. Rxf8+ Bxf8 16. Nxd4 cxd4 17. Qf3 Qxe5 18. Rf1 Bd7 1-0

[Event "Detroit (MI Team/4/3/2)"]
[Site "?"]
[Date "1995.??.??"]
[Round "?"]
[White "Jointer, William"]
[Black "Martell, Raul"]
[Result "0-1"]
[WhiteElo "1700"]
[BlackElo "1605"]
[PlyCount "143"]
[EventDate "1995.??.??"]

{4/3} 1. d4 d5 2. e4 e6 3. e5 c5 4. c3 Nc6 5. Nf3 Bd7 6. Bd3 Qb6 7. O-O cxd4 8.
cxd4 Nxd4 9. Nxd4 Qxd4 10. Nc3 Qxe5 11. Re1 Qc7 12. Nb5 Bxb5 13. Bxb5+ Kd8 14.
Qxd5+ Bd6 15. Qd3 Ke7 16. Bg5+ Nf6 17. Rac1 Qa5 18. a3 Rad8 19. Qe2 a6 20.
Bxf6+ gxf6 21. Bc4 Be5 22. Qf3 Qb6 23. b3 Rd2 24. Rcd1 Rhd8 25. Rxd2 Rxd2 26.
Rd1 Qxf2+ 27. Qxf2 Rxd1+ 28. Qf1 Bd4+ 29. Kh1 Rxf1+ 30. Bxf1 a5 31. Bd3 h6 32.
g4 Kd6 33. Kg2 Ke5 34. Kf3 Bc5 35. a4 f5 36. gxf5 exf5 37. h4 h5 38. Be2 Kf6
39. Bc4 Bb4 40. Kf2 Kg6 41. Bb5 f4 42. Bd3+ Kh6 43. Be4 b6 44. Bf3 Be7 45. Bd5
Bxh4+ 46. Kf3 Bg3 47. Bxf7 Kg5 48. Ke4 h4 49. Be6 Kf6 50. Bc8 Ke7 51. Kf3 Kd6
52. Kg4 Kc5 53. Be6 Kd4 54. Kf3 Kd3 55. Bc4+ Kd2 56. Be6 Ke1 57. Kg2 Ke2 58.
Bc4+ Ke3 59. Bd5 Be1 60. Bc6 f3+ 61. Kh3 Bg3 62. Bb5 Kf2 63. Bc4 Kg1 64. Bd5 f2
65. Bc4 f1=Q+ 66. Bxf1 Kxf1 67. Kg4 Ke2 68. Kf5 h3 69. Ke4 h2 70. Kd4 h1=Q 71.
Kc4 Qh5 72. Kc3 0-1

[Event "Troy (US Am N/6/6)"]
[Site "?"]
[Date "1995.??.??"]
[Round "?"]
[White "Jointer, William"]
[Black "Landis, M."]
[Result "0-1"]
[WhiteElo "1715"]
[BlackElo "1975"]
[PlyCount "134"]
[EventDate "1995.??.??"]

{6/(6)} 1. d4 d6 2. e4 Nf6 3. Nc3 Bg4 4. f3 Bh5 5. g4 Bg6 6. g5 Nfd7 7. f4 f5
8. e5 dxe5 9. dxe5 e6 10. h4 h5 11. gxh6 Rxh6 12. h5 Bb4 13. Bd2 Nc6 14. Bg2
Nc5 15. a3 Bxc3 16. Bxc3 Qxd1+ 17. Rxd1 Bxh5 18. Rd2 a6 19. Bf3 Bxf3 20. Rxh6
gxh6 21. Nxf3 Ne4 22. Rh2 Nxc3 23. Rxh6 O-O-O 24. bxc3 Re8 25. Nd4 Kd7 26. Rh7+
Re7 27. Rh8 Na5 28. Rh6 Nc4 29. a4 Ne3 30. Kd2 Nd5 31. Rh4 Nb6 32. a5 Nc4+ 33.
Kd3 Nxa5 34. c4 Nc6 35. Nb3 b6 36. c5 b5 37. c4 b4 38. Rh1 Re8 39. Ra1 Ra8 40.
Na5 Rd8 41. Kc2 Nd4+ 42. Kb2 Ne2 43. Rd1+ Kc8 44. Rxd8+ Kxd8 45. Nc6+ Kc8 46.
Nxb4 Nxf4 47. Nxa6 Nd3+ 48. Kc3 Nxe5 49. Kd4 Nc6+ 50. Ke3 e5 51. Kd3 Kb7 52.
Nxc7 Kxc7 53. Ke3 e4 54. Kf4 Ne7 55. Ke3 Kc6 56. Kd4 Ng6 57. Ke3 Kxc5 58. Kd2
Kxc4 59. Ke3 Kc3 60. Ke2 f4 61. Kd1 e3 62. Ke2 Ne5 63. Kd1 f3 64. Ke1 Kd3 65.
Kf1 Kd2 66. Kg1 Ng4 67. Kh1 e2 0-1

[Event "Eastpointe (EDO/4/4)"]
[Site "?"]
[Date "1995.??.??"]
[Round "?"]
[White "Jointer, William"]
[Black "Kulbacki, James"]
[Result "0-1"]
[WhiteElo "1700"]
[BlackElo "1925"]
[PlyCount "120"]
[EventDate "1995.??.??"]

{4/(4)} 1. d4 Nf6 2. Nc3 e6 3. e4 d5 4. Bd3 c5 5. e5 Nfd7 6. f4 cxd4 7. Nce2
Nc6 8. Nf3 Qb6 9. a3 a5 10. O-O Nc5 11. Ng3 Bd7 12. f5 O-O-O 13. b4 Nxd3 14.
cxd3 axb4 15. axb4 Bxb4 16. Bg5 Rde8 17. Rb1 Qc5 18. Qb3 Qc3 19. Qa4 Qa3 20.
Qc2 Kb8 21. Rb3 Qa6 22. Rfb1 Rc8 23. Qb2 Qa5 24. Bd2 Bc3 25. Rxb7+ Ka8 26. Bxc3
dxc3 27. Qc1 Rhd8 28. R7b5 Qa7+ 29. Kh1 Na5 30. R5b4 Rc7 31. Nd4 Rdc8 32. Qc2
Rc5 33. h3 Qc7 34. Nb3 Nxb3 35. Qxb3 Ra5 36. Rb7 c2 37. Rxc7 cxb1=Q+ 38. Qxb1
Rxc7 39. Kh2 Rb5 40. Qa2+ Kb8 41. Qa6 Rb2 42. Qd6 exf5 43. Nf1 f4 44. Kg1 Bc6
45. Qf8+ Kb7 46. Qxg7 d4 47. Qg4 Rxg2+ 48. Qxg2 Bxg2 49. Kxg2 Rc3 50. Kf3 Rxd3+
51. Kxf4 Rxh3 52. Ke4 d3 53. Nd2 Kc6 54. Nc4 Kc5 55. Nd2 Kb4 56. Kd4 h5 57. Ne4
Kb3 58. Nf2 d2 59. Nxh3 d1=Q+ 60. Ke4 Qh1+ 0-1

[Event "Detroit (MI Action/2/8)"]
[Site "?"]
[Date "1995.??.??"]
[Round "?"]
[White "Jointer, William"]
[Black "Khraizat, Ali"]
[Result "0-1"]
[WhiteElo "1700"]
[BlackElo "1605"]
[PlyCount "76"]
[EventDate "1995.??.??"]

{2/(8)} 1. d4 d5 2. e4 dxe4 3. Nc3 Bf5 4. f3 exf3 5. Nxf3 e6 6. Bd3 Bxd3 7.
Qxd3 c5 8. d5 exd5 9. Nxd5 Nf6 10. c4 Nxd5 11. cxd5 Bd6 12. O-O O-O 13. Ng5 g6
14. Qh3 h5 15. Be3 Nd7 16. Rf2 Be7 17. Ne4 f5 18. Nc3 Nf6 19. Qg3 Kh7 20. Rd1
Qb6 21. d6 Bd8 22. h3 Qc6 23. Qg5 Ng4 24. Qf4 g5 25. Qxf5+ Rxf5 26. hxg4 Rxf2
27. Bxf2 h4 28. Rf1 Bb6 29. Be1 c4+ 30. Kh2 Qxd6+ 31. Kh1 Bc7 32. g3 Qc6+ 33.
Kg1 h3 34. Rf2 Bb6 35. Kf1 Re8 36. Rh2 Qf3+ 37. Bf2 Bxf2 38. Rxf2 Qh1# 0-1

[Event "East Lansing (Class B/1/9)"]
[Site "?"]
[Date "1995.??.??"]
[Round "?"]
[White "Jointer, William"]
[Black "Jones, W."]
[Result "1/2-1/2"]
[WhiteElo "1720"]
[BlackElo "1615"]
[PlyCount "120"]
[EventDate "1995.??.??"]

{1/(9)} 1. e4 d5 2. exd5 Nf6 3. d4 g6 4. Bc4 Bg7 5. Nc3 O-O 6. Bg5 a6 7. Nf3
Bg4 8. h3 Bf5 9. g4 Be4 10. Bxf6 Bxf3 11. Qxf3 exf6 12. O-O-O b5 13. Bb3 Nd7
14. h4 Qb8 15. Qg3 a5 16. a3 a4 17. Ba2 Rc8 18. f4 b4 19. axb4 Qxb4 20. f5 c5
21. dxc6 Rxc6 22. Bd5 Nb6 23. Na2 Qb5 24. Bxc6 Qxc6 25. Nb4 Qb5 26. c3 Nc4 27.
Qf3 Rb8 28. Rh2 Bh6+ 29. Kb1 a3 30. b3 Na5 31. Ka2 Bf8 32. Qd3 Qb7 33. Qa6 Qxa6
34. Nxa6 Rxb3 35. c4 Rb6 36. Nc7 Nxc4 37. Re2 Rb2+ 38. Rxb2 Nxb2 39. Rc1 Nd3
40. Rc4 Nb2 41. Rc6 Nd3 42. Nd5 Kg7 43. Rc3 Nb4+ 44. Nxb4 Bxb4 45. Rxa3 Bxa3
46. Kxa3 Kf8 47. Kb4 Ke7 48. Kc5 Kd7 49. d5 gxf5 50. gxf5 h5 51. d6 Kd8 52. Kc6
Kc8 53. Kc5 Kd7 54. Kd5 Kd8 55. Kc6 Kc8 56. Kb6 Kd7 57. Kc5 Kd8 58. Kd5 Kd7 59.
Kc5 Kd8 60. Kc6 Kc8 1/2-1/2

[Event "Troy (US Am N/3/28)"]
[Site "?"]
[Date "1995.??.??"]
[Round "?"]
[White "Jointer, William"]
[Black "Goerke, Jesse"]
[Result "1/2-1/2"]
[WhiteElo "1715"]
[BlackElo "1605"]
[PlyCount "91"]
[EventDate "1995.??.??"]

{3/(28)} 1. d4 d5 2. e4 dxe4 3. Nc3 Nc6 4. d5 Nb4 5. Bc4 e6 6. a3 exd5 7. axb4
dxc4 8. Qxd8+ Kxd8 9. Nxe4 Bxb4+ 10. c3 Bd6 11. Nf3 Bg4 12. Nfg5 Nh6 13. O-O
Be7 14. h3 Bxg5 15. Bxg5+ f6 16. Nxf6 Be6 17. Rad1+ Kc8 18. Rfe1 gxf6 19. Bxf6
Re8 20. Rxe6 Rf8 21. Bg7 Rd8 22. Rxd8+ Kxd8 23. Bxh6 Kd7 24. Re4 Re8 25. Rxe8
Kxe8 26. f4 c5 27. Kf2 b5 28. Ke3 b4 29. Bg7 b3 30. Ke4 Kf7 31. Kd5 Kxg7 32.
Kxc5 a5 33. Kb5 Kf6 34. g4 a4 35. Kxa4 h6 36. Kb5 Ke6 37. Kxc4 Kd6 38. Kd4 Ke7
39. Ke5 Kf8 40. f5 Kf7 41. f6 Ke8 42. Ke6 Kf8 43. f7 h5 44. gxh5 Kg7 45. Ke7
Kh7 46. f8=Q 1/2-1/2

[Event "Detroit (WCO/4/5)"]
[Site "?"]
[Date "1995.??.??"]
[Round "?"]
[White "Jointer, William"]
[Black "Gentry, Loyd"]
[Result "1-0"]
[WhiteElo "1715"]
[BlackElo "1605"]
[PlyCount "65"]
[EventDate "1995.??.??"]

{4/(5)} 1. d4 c5 2. d5 Nf6 3. Nc3 g6 4. e4 d6 5. f4 Bg7 6. Nf3 O-O 7. Bc4 a6 8.
a3 b5 9. Ba2 b4 10. Ne2 bxa3 11. e5 dxe5 12. fxe5 Ng4 13. O-O axb2 14. Bxb2 Ne3
15. Qd2 Nxf1 16. Rxf1 Bg4 17. Ng5 Bxe2 18. Qxe2 e6 19. Qd2 Bh6 20. h4 Bxg5 21.
hxg5 Ra7 22. Rf3 exd5 23. Bxd5 Rd7 24. c4 Qe7 25. Qc3 Rxd5 26. cxd5 Qxg5 27. e6
f6 28. Qxc5 Qh4 29. e7 Re8 30. Bxf6 Qe1+ 31. Rf1 Qg3 32. d6 Nd7 33. Qd5# 1-0

[Event "Detroit (WCO/2/6)"]
[Site "?"]
[Date "1995.??.??"]
[Round "?"]
[White "Jointer, William"]
[Black "Gentry, Bronson"]
[Result "1-0"]
[WhiteElo "1715"]
[BlackElo "1605"]
[PlyCount "61"]
[EventDate "1995.??.??"]

{2/(6)} 1. e4 c5 2. Nf3 Nc6 3. d4 cxd4 4. Nxd4 Nf6 5. Nc3 g6 6. Be3 Qb6 7. Nb3
Qb4 8. Bc5 Qxe4+ 9. Nxe4 Nxe4 10. Bd4 f6 11. Bd3 Ng5 12. h4 Ne6 13. Bc3 a6 14.
Qd2 b5 15. O-O-O Rb8 16. Qe1 b4 17. Bd2 a5 18. Be3 d6 19. g4 a4 20. Nd2 b3 21.
cxb3 axb3 22. Nxb3 Bg7 23. f4 Bd7 24. f5 Nc7 25. fxg6 hxg6 26. Bxg6+ Kd8 27.
Qg3 Nb4 28. Kb1 Be6 29. Rxd6+ exd6 30. Qxd6+ Kc8 31. Rc1 1-0

[Event "Ann Arbor (HVA/3/7)"]
[Site "?"]
[Date "1995.??.??"]
[Round "?"]
[White "Jointer, William"]
[Black "Davey, Scott"]
[Result "0-1"]
[WhiteElo "1700"]
[BlackElo "1605"]
[PlyCount "76"]
[EventDate "1995.??.??"]

{3/(7)} 1. e4 e5 2. Nf3 Nc6 3. Bc4 Nf6 4. Ng5 d5 5. exd5 Na5 6. Bb5+ c6 7. dxc6
bxc6 8. Qf3 Bb7 9. Ba4 Bc5 10. a3 Bb6 11. b4 e4 12. Qc3 Bd4 13. Qg3 Bxa1 14.
bxa5 Qxa5 15. Bb3 Be5 16. Bxf7+ Kf8 17. Qb3 Qb5 18. Ne6+ Kxf7 19. Nd8+ Ke7 20.
Qxb5 cxb5 21. Nxb7 Rhc8 22. c3 a5 23. a4 Ra7 24. Na3 Rxb7 25. Nxb5 Rc4 26. O-O
Rxa4 27. Na3 Bd6 28. Nc2 Rb1 29. Ne3 Raa1 30. Bb2 Rxf1+ 31. Nxf1 Rb1 32. f3
Rxb2 33. Kf2 Bc5+ 34. Kg3 a4 35. Kf4 exf3 36. gxf3 a3 37. d4 Bd6+ 38. Kf5 Rb5+
0-1

[Event "Ann Arbor (HVA/5/9)"]
[Site "?"]
[Date "1995.??.??"]
[Round "?"]
[White "Jointer, William"]
[Black "Carlisle, S."]
[Result "1-0"]
[WhiteElo "1700"]
[BlackElo "1605"]
[PlyCount "69"]
[EventDate "1995.??.??"]

{5/(9)} 1. e4 e5 2. Nf3 Nc6 3. Bc4 Nh6 4. d3 d6 5. Bxh6 gxh6 6. Nc3 Na5 7. Qd2
Nxc4 8. dxc4 Be6 9. Qd3 Qd7 10. O-O-O O-O-O 11. Rd2 h5 12. Nd1 Bg7 13. Ne3 h6
14. Rhd1 Qe7 15. Kb1 Rd7 16. Qa3 Kb8 17. Nd5 Bxd5 18. cxd5 Rc8 19. Rd3 c6 20.
c4 cxd5 21. cxd5 Rc5 22. Rc3 Rdc7 23. Rdc1 b6 24. Rxc5 dxc5 25. Rd1 Qd6 26. Nh4
Bf8 27. Nf5 Qg6 28. g3 Bd6 29. Qa4 c4 30. Qe8+ Kb7 31. a3 a6 32. Qd8 Rd7 33.
Qxd7+ Bc7 34. d6 Qxd6 35. Nxd6+ 1-0

[Event "Detroit (MI Action/4/5)"]
[Site "?"]
[Date "1995.??.??"]
[Round "?"]
[White "Jointer, William"]
[Black "Boyle, John"]
[Result "0-1"]
[WhiteElo "1700"]
[BlackElo "1605"]
[PlyCount "60"]
[EventDate "1995.??.??"]

{4/(5)} 1. d4 d5 2. e4 dxe4 3. Nc3 Nf6 4. f3 exf3 5. Nxf3 Bg4 6. Be3 Nbd7 7. h3
Bh5 8. g4 Bg6 9. Qe2 e6 10. O-O-O Bb4 11. Ne5 Bxc3 12. bxc3 Qe7 13. Nxg6 hxg6
14. Bg2 O-O-O 15. Kd2 Nc5 16. Rb1 Nce4+ 17. Kd3 Nc5+ 18. Kd2 Nfe4+ 19. Bxe4
Nxe4+ 20. Kd3 Ng3 21. Qf3 Nxh1 22. Qxb7+ Kd7 23. Qb5+ c6 24. Qb7+ Ke8 25. Qxc6+
Qd7 26. Qxh1 Qa4 27. Rb7 Qa6+ 28. Kd2 e5 29. Qf3 Rf8 30. Qe4 Qe6 0-1

[Event "Detroit (MI Action/6/6)"]
[Site "?"]
[Date "1995.??.??"]
[Round "?"]
[White "Jointer, William"]
[Black "Aldrich, Justin"]
[Result "0-1"]
[WhiteElo "1700"]
[BlackElo "1605"]
[PlyCount "74"]
[EventDate "1995.??.??"]

{6/(6)} 1. d4 d5 2. e4 dxe4 3. Nc3 Nf6 4. f3 exf3 5. Nxf3 Bg4 6. Be3 e6 7. h3
Bh5 8. g4 Bg6 9. Bd3 c6 10. Qd2 Bb4 11. Bg5 Nbd7 12. O-O-O Qa5 13. a3 Bxc3 14.
Qxc3 Qxc3 15. bxc3 Bxd3 16. cxd3 O-O 17. Ne5 h6 18. Bh4 Rac8 19. g5 hxg5 20.
Bxg5 c5 21. dxc5 Rxc5 22. Nxd7 Nxd7 23. Bd2 Nf6 24. Kc2 Rfc8 25. h4 b6 26. d4
Rf5 27. Rde1 Ra5 28. Kb3 Rb5+ 29. Kc2 Rc4 30. Kd3 Rc7 31. Bf4 Rc8 32. Be5 Ng4
33. Bg3 Rb3 34. Rc1 Rxa3 35. Bd6 Ra2 36. Rhg1 Nh6 37. Rg5 Ra3 0-1

[Event "East Lansing (Class B/3/4)"]
[Site "?"]
[Date "1995.??.??"]
[Round "?"]
[White "Johnston, R."]
[Black "Velasquez, A."]
[Result "0-1"]
[WhiteElo "1710"]
[BlackElo "1715"]
[PlyCount "50"]
[EventDate "1995.??.??"]

{3/(4)} 1. Nf3 Nf6 2. g3 g6 3. Bg2 Bg7 4. O-O O-O 5. d3 d6 6. e4 c5 7. Nbd2 Nc6
8. c3 Bd7 9. Re1 Qc7 10. Nf1 Rab8 11. Nh4 b5 12. f4 Bg4 13. Bf3 Bxf3 14. Qxf3
Nd7 15. Ne3 e6 16. f5 Nde5 17. Qe2 b4 18. Ng4 bxc3 19. f6 Nd4 20. Qf1 Nxg4 21.
fxg7 Kxg7 22. h3 cxb2 23. Bg5 f6 24. hxg4 fxg5 25. Qh3 bxa1=Q 0-1